Kraje na litere P - Statystyki

Ogólne statystyki
  • Ten quiz został rozwiązany 1 767 razy
  • Średni wynik to 5 z 8
Statystyki odpowiedzi
Hint Odpowiedź % Poprawnych
europa Polska
96%
europa portugalia
90%
ameryka poł. peru
77%
azja pakistan
69%
ameryka poł. paragwaj
63%
ameryka płn. panama
60%
azja palau
38%
australia i oceania papua i nowa gwinea
4%
Nie znaleziono quizów pasujących do podanych kryteriów
Rozkład punktacji
Procent ludzi z każdym wynikiem
Percentyl według liczby udzielonych odpowiedzi
Twoja historia wyników
Nie rozwiązałeś tego quizu